Gaming Quiz

Random Gaming or Blitz Quiz

Bullseye Blitz: Games! Quiz Stats

 Plays Quiz Updated May 25, 2018

Challenge
Share
Tweet
Score 0/48 Timer 04:00
14 Plays Today
% Correct
Flush
96.9%
Full House
96%
Pawn
94.2%
Knight
93.9%
Four of a Kind
93.3%
King
93.1%
Straight Flush
91.1%
ka, ki, mm
90%
History
86.3%
Bishop
85.3%
by, my, hm
83.2%
Plum
82.9%
Geography
81.7%
ax, ex, etc.
80.6%
Peacock
80.5%
Mustard
79.7%
Carrier
77.1%
Battleship
75.3%
Entertainment
73.9%
Argentina
70.6%
Vermont/Euston
70.4%
Peru
69.8%
Oriental/Angel Islington
69.2%
Brazil
68.3%
% Correct
Baltic/Whitechapel
67.9%
Cruiser/Submarine
67.2%
qi, za
62.4%
Green
59.7%
Arts & Literature
58.6%
Chance
55.7%
Yahtzee
54.7%
Mediterranean/Old Kent
50.9%
Ore
49.5%
Lumber
47.6%
Charmander
46.7%
Destroyer
43.5%
Venezuela
42.5%
Major
42%
Colonel
41.8%
Venusaur
41.1%
Ivysaur
41%
Bulbasaur
40.8%
General
39%
Grain
37%
Large Straight
36.4%
Small Straight
35.5%
Brick
26.9%
Marshal
16.5%

You're not logged in!

Compare scores with friends on all Sporcle quizzes.
OR
Log In

You Might Also Like...

Show Comments

Extras

Top Quizzes Today


Score Distribution

Your Account Isn't Verified!

In order to create a playlist on Sporcle, you need to verify the email address you used during registration. Go to your Sporcle Settings to finish the process.

Report this User

Report this user for behavior that violates our Community Guidelines.

Details: